LEADER 01362nam 2200349 n 450 001 996388173703316 005 20221107214717.0 035 $a(CKB)1000000000636190 035 $a(EEBO)2240941302 035 $a(UnM)9928480400971 035 $a(UnM)99833503 035 $a(EXLCZ)991000000000636190 100 $a19960129d1691 uh | 101 0 $aeng 135 $aurbn||||a|bb| 200 10$aHis Majesties most gracious speech to both Houses of Parliament, on Munday the fifth day of January, 1690$b[electronic resource] 210 $aLondon $cprinted by Charles Bill and Thomas Newcomb, printers to the King and Queens most Excellent Majesties$d1690. [i.e. 1691] 215 $a4 p 300 $aActual publication date from Wing. 300 $aSome print show-through. 300 $aReproduction of the original in the British Library. 330 $aeebo-0018 607 $aGreat Britain$xHistory$yWilliam and Mary, 1689-1702$vEarly works to 1800 607 $aIreland$xHistory$yWar of 1689-1691$vEarly works to 1800 701 $aWilliam$cKing of England,$f1650-1702.$01000870 801 0$bCu-RivES 801 1$bCu-RivES 801 2$bWaOLN 906 $aBOOK 912 $a996388173703316 996 $aHis Majesties most gracious speech to both Houses of Parliament, on Munday the fifth day of January, 1690$92318190 997 $aUNISA LEADER 01129nam0 22002651i 450 001 UON00011163 005 20231205101934.244 100 $a20020107d1897 |0itac50 ba 101 $aita 102 $aIT 105 $a|||| 1|||| 200 1 $aDel riconoscimento nel dramma indiano e nel dramma greco$fGiovanni Colizza 210 $aRoma$cReal Accademia dei Lincei$d1897 105 p. ; 23 cm 606 $aTEATRO SANSCRITO$xCONFRONTI$xGRECIA ANTICA$3UONC004310$2FI 606 $aTEATRO SANSCRITO$xCRITICA$3UONC016777$2FI 620 $aIT$dRoma$3UONL000004 686 $aSI VI A$cSUBCONT. INDIANO - LETTERATURA SANSCRITA$2A 700 1$aCOLIZZA$bGiovanni$3UONV009115$0639547 712 $a*Accademia *Nazionale dei *Lincei$3UONV246632$4650 801 $aIT$bSOL$c20240220$gRICA 899 $aSIBA - SISTEMA BIBLIOTECARIO DI ATENEO$2UONSI 912 $aUON00011163 950 $aSIBA - SISTEMA BIBLIOTECARIO DI ATENEO$dSI RARI SI VI A 003 $eSI SA 76465 7 003 996 $aDel riconoscimento nel dramma indiano e nel dramma greco$91178694 997 $aUNIOR